000
00321nam a2200157Ia 4500
100
_a
Baker/Ann
250
_a
2
942
_c
BK
366
_f
20
245
_a
Tree or three:Pronunciation course
260
_b
Cambridge
_c
2006
082
_a
372.6
_b
BAK
300
_a
129
546
_a
ENGLISH
_c
Computers
999
_c
24886
_d
24886